Handbook of integer sequences

Saved in:
Bibliographic Details
Main Author: Sloane, N.J.A
Format: Book
Language:English
Published: New York Academic Press 1973
Tags: Add Tag
No Tags, Be the first to tag this record!

MARC

LEADER 00000nam a2200000 4500
001 c109439
005 20041019155144.0
041 0 |a eng 
044 |a US 
245 1 0 |a Handbook of integer sequences  |c N.J.A. Sloane 
264 1 |a New York  |b Academic Press  |c 1973 
300 |a 206 s. 
100 1 |a Sloane, N.J.A.